| 000 | 00711cam a2200253 4500 | ||
|---|---|---|---|
| 001 | J108 | ||
| 008 | 090401t1989 xxu||||| |||| 00| 0 eng d | ||
| 035 | _a(Sirsi) u73403 | ||
| 041 | _aeng | ||
| 050 | _a306.1 | ||
| 100 | _aAdair, A. | ||
| 245 | _aNorthern Ireland property market analysis project (NIPMAP). - Report no.18 (January-March 1989) - no.21 (October-December 1989) | ||
| 260 |
_aNewtownabbey, _bUniversity of Ulster _c1989 |
||
| 300 | _a4v. ; 30cm. | ||
| 350 | _a0 | ||
| 520 | _aPublished quarterly | ||
| 650 | _aHOUSE PRICES | ||
| 650 | _aNORTHERN IRELAND | ||
| 650 | _aPROPERTY MARKET | ||
| 700 | _aMcGreal, Stanley | ||
| 700 | _aMcKay, Stephen | ||
| 942 | _n0 | ||
| 948 | _c04/03/1997 | ||
| 999 |
_c95587 _d95587 |
||